[Event "CRO-chT U20 30th"]
[Site "Rabac"]
[Date "2021.04.09"]
[Round "7.4"]
[White "Duda, Daniel1111"]
[Black "Zekic, Patrik"]
[Result "0-1"]
[WhiteElo "1968"]
[BlackElo "1731"]
[PlyCount "134"]
[EventDate "2021.04.06"]
[EventType "team-tourn"]
[EventRounds "11"]
[EventCountry "CRO"]
[SourceTitle "CBM 201 Extra"]
[Source "ChessBase"]
[SourceDate "2021.05.31"]
[SourceVersion "1"]
[SourceVersionDate "2021.05.31"]
[SourceQuality "1"]
[WhiteTeam "Rijeka Liburnija U20"]
[BlackTeam "Rijeka Junior U20"]
[WhiteTeamCountry "CRO"]
[BlackTeamCountry "CRO"]

1. d4 d5 2. c4 e6 3. Nc3 Nf6 4. cxd5 exd5 5. Bg5 Be7 6. e3 c6 7. Bd3 h6 8. Bh4 0-0 9. Nge2 Ne4 10. Bxe7 Qxe7 11. Bxe4 dxe4 12. 0-0 Bg4 13. Qb3 Bxe2 14. Nxe2 Na6 15. Rac1 Rab8 16. Rfd1 Nc7 17. Rc5 Nd5 18. Nc3 Nxc3 19. bxc3 Rfe8 20. c4 Qd6 21. Rf5 g6 22. Rf4 f5 23. f3 exf3 24. Rxf3 Qe6 25. d5 cxd5 26. Rxd5 Red8 27. Rf4 Rxd5 28. cxd5 Qd6 29. Rc4 Rd8 30. Rd4 b6 31. Qd3 Re8 32. h3 Re5 33. Qc3 Re7 34. Qd3 Kf7 35. Rc4 Rd7 36. Rd4 Re7 37. a4 a5 38. Qb3 Rd7 39. h4 Kg7 40. Qc3 Qe5 41. Kf2 Rxd5 42. Rc4 Qxc3 43. Rxc3 Rd6 44. Kf3 Kf6 45. Rc4 g5 46. hxg5+ hxg5 47. g4 Ke6 48. gxf5+ Kxf5 49. Rg4 Rd3 50. Rc4 Rb3 51. Rd4 Rb4 52. Rd6 Rxa4 53. Rxb6 Rb4 54. Ra6 Rb5 55. Ra8 g4+ 56. Kg3 Ke4 57. Kxg4 Kxe3 58. Ra7 Rb4+ 59. Kg3 a4 60. Kg2 Ke2 61. Kg1 Kd2 62. Kf2 Kc2 63. Ke2 Kb2 64. Kd2 a3 65. Rc7 a2 66. Rc2+ Ka3 67. Rc3+ Rb3 0-1

[Event "CRO-chT U20 30th"]
[Site "Rabac"]
[Date "2021.04.07"]
[Round "3.4"]
[White "Bedic, Noemi"]
[Black "Zekic, Patrik"]
[Result "0-1"]
[WhiteElo "1587"]
[BlackElo "1731"]
[PlyCount "110"]
[EventDate "2021.04.06"]
[EventType "team-tourn"]
[EventRounds "11"]
[EventCountry "CRO"]
[SourceTitle "CBM 201 Extra"]
[Source "ChessBase"]
[SourceDate "2021.05.31"]
[SourceVersion "1"]
[SourceVersionDate "2021.05.31"]
[SourceQuality "1"]
[WhiteTeam "Zadar Casper U20"]
[BlackTeam "Rijeka Junior U20"]
[WhiteTeamCountry "CRO"]
[BlackTeamCountry "CRO"]

1. e4 e6 2. d4 d5 3. Nd2 Be7 4. Ngf3 Nf6 5. e5 Nfd7 6. Bd3 c5 7. c3 Nc6 8. 0-0 g5 9. Nb1 h5 10. Be3 g4 11. Ne1 Qb6 12. b3 a5 13. Nc2 cxd4 14. cxd4 Rg8 15. Be2 f5 16. exf6 Nxf6 17. f3 Bd7 18. Nc3 0-0-0 19. Na4 Qc7 20. Rc1 gxf3 21. Rxf3 Ng4 22. Bf4 Bd6 23. Bxd6 Qxd6 24. Rh3 Qf4 25. Bxg4 hxg4 26. Rc3 g3 27. Rxg3 Rxg3 28. hxg3 Qxg3 29. Qe1 Qf4 30. Qe3 Rf8 31. Qxf4 Rxf4 32. g3 Rg4 33. Kf2 Kd8 34. Rd1 Ne7 35. Ne3 Rg6 36. Nc5 b6 37. Nd3 Nc6 38. Nf4 Rg8 39. Ne2 Ke7 40. Rg1 Kf6 41. g4 e5 42. dxe5+ Kxe5 43. Kf3 Nb4 44. a3 Nc6 45. g5 Ne7 46. Nc1 Be6 47. Nd3+ Kd4 48. Nc1 Kc3 49. Kf4 d4 50. Nd1+ Kd2 51. Ke5 Bc8 52. Nf2 Nf5 53. Ne4+ Kc2 54. g6 Nh4 55. Kf6 Bf5 0-1

[Event "CRO-chT U20 29th"]
[Site "Cakovec"]
[Date "2020.07.18"]
[Round "10.3"]
[White "Zekic, Patrik"]
[Black "Markovic, Marko2222"]
[Result "1-0"]
[WhiteElo "1699"]
[BlackElo "1643"]
[PlyCount "47"]
[EventDate "2020.07.14"]
[EventType "team-tourn"]
[EventRounds "11"]
[EventCountry "CRO"]
[SourceTitle "CBM 197 Extra"]
[Source "ChessBase"]
[SourceDate "2020.09.30"]
[SourceVersion "1"]
[SourceVersionDate "2020.09.30"]
[SourceQuality "1"]
[WhiteTeam "Rijeka Junior U20"]
[BlackTeam "Strizivojna Amater U20"]
[WhiteTeamCountry "CRO"]
[BlackTeamCountry "CRO"]

1. d4 d5 2. c4 e6 3. Nc3 Nf6 4. Bg5 Be7 5. e3 0-0 6. Nf3 c6 7. Bd3 Nbd7 8. 0-0 b6 9. cxd5 exd5 10. Rc1 Bb7 11. Qe2 c5 12. Rfe1 h6 13. Bh4 Ne4 14. Bxe7 Qxe7 15. Ba6 Nxc3 16. Rxc3 Bxa6 17. Qxa6 c4 18. b3 cxb3 19. axb3 Nf6 20. Rec1 Rfd8 21. Ne5 Ne4 22. Rc7 Qb4 23. Rxf7 Qxb3 24. Qb7 1-0

[Event "Rijeka Paris Memorial 40th"]
[Site "Rijeka"]
[Date "2019.10.22"]
[Round "6"]
[White "Zekic, Patrik"]
[Black "Spiranec, Noemi"]
[Result "0-1"]
[WhiteElo "1661"]
[BlackElo "2137"]
[PlyCount "120"]
[EventDate "2019.10.18"]
[EventType "swiss"]
[EventRounds "9"]
[EventCountry "CRO"]
[SourceTitle "CBM 192 Extra"]
[Source "Chessbase"]
[SourceDate "2019.11.06"]
[SourceVersion "1"]
[SourceVersionDate "2019.11.06"]
[SourceQuality "1"]

1. b3 e5 2. Bb2 Nc6 3. e3 d5 4. Bb5 Bd6 5. Ne2 Nge7 6. d4 0-0 7. Bxc6 Nxc6 8. dxe5 Bxe5 9. Bxe5 Nxe5 10. Ng3 Qf6 11. Nd2 Be6 12. 0-0 Rad8 13. Qe2 c5 14. e4 d4 15. f4 d3 16. Qh5 Ng4 17. e5 Qg6 18. Qxg6 hxg6 19. cxd3 Rxd3 20. Nde4 b6 21. Rfd1 Rfd8 22. Nd6 Rxd1+ 23. Rxd1 f6 24. h3 Nh6 25. Re1 fxe5 26. fxe5 Nf7 27. Nxf7 Kxf7 28. Ne4 Rd5 29. Ng5+ Ke7 30. Nf3 Rd3 31. Kf2 b5 32. Re3 Rd1 33. Re1 Rd8 34. Rc1 c4 35. bxc4 bxc4 36. Rc2 Rd3 37. Nd2 Rd5 38. Nxc4 Rc5 39. Ne3 Rxc2+ 40. Nxc2 Bxa2 41. Ke3 Bd5 42. g3 a5 43. Nd4 a4 44. Kd2 g5 45. Kc3 a3 46. Kc2 g6 47. Kc3 Be6 48. h4 gxh4 49. gxh4 Bd5 50. Kc2 Kf7 51. Kd3 a2 52. Nc2 Ke6 53. Kd4 Bb3 54. Na1 Bd5 55. Nc2 Bc6 56. Na1 Kf5 57. Kc5 Ba4 58. Kd6 Kg4 59. Ke7 Kxh4 60. Kf6 g5 0-1

[Event "CRO-ch U17/U19"]
[Site "Vinkovci"]
[Date "2019.07.25"]
[Round "6"]
[White "Petrovic, David1111"]
[Black "Zekic, Patrik"]
[Result "1/2-1/2"]
[WhiteElo "1804"]
[BlackElo "1627"]
[PlyCount "22"]
[EventDate "2019.07.22"]
[EventType "swiss"]
[EventRounds "9"]
[EventCountry "CRO"]
[SourceTitle "EXT 2020"]
[Source "ChessBase"]
[SourceDate "2019.10.17"]
[SourceVersion "1"]
[SourceVersionDate "2019.10.17"]
[SourceQuality "1"]

1. e4 e6 2. d4 d5 3. exd5 exd5 4. Bd3 Nf6 5. Nf3 Bd6 6. 0-0 0-0 7. Bg5 Bg4 8. Nbd2 Nbd7 9. c3 c6 10. Qc2 Qc7 11. Rfe1 Rfe8 1/2-1/2

[Event "CRO-ch U17/U19"]
[Site "Vinkovci"]
[Date "2019.07.24"]
[Round "4"]
[White "Kukas, Oliver"]
[Black "Zekic, Patrik"]
[Result "1-0"]
[WhiteElo "2082"]
[BlackElo "1627"]
[PlyCount "81"]
[EventDate "2019.07.22"]
[EventType "swiss"]
[EventRounds "9"]
[EventCountry "CRO"]
[SourceTitle "EXT 2020"]
[Source "ChessBase"]
[SourceDate "2019.10.17"]
[SourceVersion "1"]
[SourceVersionDate "2019.10.17"]
[SourceQuality "1"]

1. e4 e6 2. d4 d5 3. Nc3 Nf6 4. Bg5 Bb4 5. e5 h6 6. Bd2 Bxc3 7. bxc3 Ne4 8. Qg4 Kf8 9. h4 c5 10. Bd3 Nxd2 11. Kxd2 cxd4 12. cxd4 Qa5+ 13. c3 Qa3 14. Ne2 Nc6 15. Ke3 b5 16. Rh3 h5 17. Qf4 Ne7 18. Rg3 b4 19. Qg5 g6 20. Qf6 Rg8 21. Rf3 Nf5+ 22. Bxf5 exf5 23. Rc1 Qxa2 24. Nf4 bxc3 25. Qd8+ Kg7 26. Nxh5+ Kh6 27. Qg5+ Kh7 28. Rxc3 Ba6 29. Nf6+ Kg7 30. Nxg8 Qe2+ 31. Kf4 Rxg8 32. Rce3 Qb5 33. Qf6+ Kh6 34. Qxf7 Rg7 35. Qf6 Qc4 36. e6 Qc7+ 37. Re5 Qe7 38. Qg5+ Kh7 39. Qxe7 Rxe7 40. Kg5 Kg7 41. h5 1-0

[Event "CRO-ch U17/U19"]
[Site "Vinkovci"]
[Date "2019.07.23"]
[Round "3"]
[White "Salamon, Viktor"]
[Black "Zekic, Patrik"]
[Result "0-1"]
[WhiteElo "1831"]
[BlackElo "1627"]
[PlyCount "108"]
[EventDate "2019.07.22"]
[EventType "swiss"]
[EventRounds "9"]
[EventCountry "CRO"]
[SourceTitle "EXT 2020"]
[Source "ChessBase"]
[SourceDate "2019.10.17"]
[SourceVersion "1"]
[SourceVersionDate "2019.10.17"]
[SourceQuality "1"]

1. d4 d5 2. c4 e6 3. Nc3 Nf6 4. Bg5 Be7 5. e3 Nbd7 6. Nf3 h6 7. Bh4 0-0 8. Rc1 c6 9. Bd3 b6 10. 0-0 Bb7 11. cxd5 exd5 12. Bb1 Ne4 13. Qc2 f5 14. Bxe7 Qxe7 15. g3 g5 16. h4 g4 17. Ne1 Ba6 18. Nd3 Bxd3 19. Qxd3 Qd6 20. Ne2 a5 21. Nf4 a4 22. a3 b5 23. Ba2 Nb6 24. Kg2 Nc4 25. Rc2 Rae8 26. Bxc4 bxc4 27. Qe2 Re7 28. h5 Rg7 29. f3 gxf3+ 30. Rxf3 Ng5 31. Rf1 Ne4 32. Qf3 Ng5 33. Qf2 Ne4 34. Qe1 Rxg3+ 35. Qxg3+ Nxg3 36. Kxg3 Rf7 37. Kh3 Qe7 38. Rg2+ Rg7 39. Rf3 Rxg2 40. Nxg2 Qd7 41. Rg3+ Kh7 42. Nf4 Qe8 43. Kh4 Qe7+ 44. Kh3 Qe4 45. Kh4 Qc2 46. Rg2 Qc1 47. Re2 c3 48. bxc3 Qxa3 49. Ne6 Qxc3 50. Rg2 Qe1+ 51. Rg3 Qh1+ 52. Rh3 Qe4+ 53. Nf4 Qe7+ 54. Kg3 Qxe3+ 0-1

[Event "Rijeka Four Seasons"]
[Site "Rijeka"]
[Date "2018.10.28"]
[Round "9"]
[White "Zekic, Patrik"]
[Black "Spiranec, Noemi"]
[Result "0-1"]
[WhiteElo "1635"]
[BlackElo "2032"]
[PlyCount "68"]
[EventDate "2018.10.20"]
[EventType "tourn"]
[EventRounds "9"]
[EventCountry "CRO"]
[SourceTitle "CBM 187 Extra"]
[Source "ChessBase"]
[SourceDate "2018.11.04"]
[SourceVersion "1"]
[SourceVersionDate "2018.11.04"]
[SourceQuality "1"]

1. d4 Nf6 2. Nf3 e6 3. c4 c5 4. d5 exd5 5. cxd5 d6 6. e4 g6 7. Nc3 a6 8. a4 Bg4 9. h3 Bxf3 10. Qxf3 Bg7 11. Bd3 0-0 12. 0-0 Nbd7 13. Bf4 Qc7 14. g4 Rab8 15. Qg3 Ne8 16. a5 c4 17. Be2 b5 18. axb6 Rxb6 19. Ra2 Nef6 20. Be3 Rb3 21. Rxa6 Rxc3 22. bxc3 Nxe4 23. Qf4 Nxc3 24. Qxc4 Qb8 25. Qd3 Ne5 26. Qd2 Ne4 27. Qc2 f5 28. gxf5 gxf5 29. Bd3 Qe8 30. Bxe4 fxe4 31. f4 exf3 32. Rxd6 Qh5 33. Kh2 Ng4+ 34. Kg1 Nxe3 0-1

[Event "Rijeka Four Seasons"]
[Site "Rijeka"]
[Date "2018.10.23"]
[Round "4"]
[White "Mufic, Goran"]
[Black "Zekic, Patrik"]
[Result "1-0"]
[WhiteElo "2279"]
[BlackElo "1635"]
[PlyCount "71"]
[EventDate "2018.10.20"]
[EventType "tourn"]
[EventRounds "9"]
[EventCountry "CRO"]
[SourceTitle "CBM 187 Extra"]
[Source "ChessBase"]
[SourceDate "2018.11.04"]
[SourceVersion "1"]
[SourceVersionDate "2018.11.04"]
[SourceQuality "1"]

1. d4 d5 2. Nf3 Nf6 3. Bf4 c5 4. e3 Nc6 5. c3 cxd4 6. exd4 Bf5 7. Nh4 Bg6 8. Qb3 Qd7 9. Nxg6 hxg6 10. Nd2 a6 11. Be2 e6 12. Nf3 Nh5 13. Be3 Bd6 14. g3 Nf6 15. Ng5 Rc8 16. Qd1 Qc7 17. Kf1 Nh5 18. Kg2 Nd8 19. Qd3 Nc6 20. Rae1 Ne7 21. a3 Nf5 22. Bc1 Ne7 23. Bg4 Nf6 24. Qf3 Rf8 25. Bh3 Nf5 26. Bxf5 gxf5 27. Qxf5 Ne4 28. Qh7 Nxg5 29. Bxg5 f6 30. Rxe6+ Kd7 31. Rxf6 Kc6 32. Rxf8 Rxf8 33. Qg6 Rf7 34. Re1 b5 35. Re6 Rd7 36. Bf4 1-0

[Event "Rijeka Four Seasons"]
[Site "Rijeka"]
[Date "2018.10.22"]
[Round "3"]
[White "Zekic, Patrik"]
[Black "Troselj, Ivan"]
[Result "0-1"]
[WhiteElo "1635"]
[BlackElo "1863"]
[PlyCount "164"]
[EventDate "2018.10.20"]
[EventType "tourn"]
[EventRounds "9"]
[EventCountry "CRO"]
[SourceTitle "CBM 187 Extra"]
[Source "ChessBase"]
[SourceDate "2018.11.04"]
[SourceVersion "1"]
[SourceVersionDate "2018.11.04"]
[SourceQuality "1"]

1. d4 d5 2. Nf3 e6 3. c4 Nf6 4. Bg5 Nbd7 5. Nc3 c6 6. e3 Qa5 7. Bxf6 Nxf6 8. Nd2 Bb4 9. Qc2 0-0 10. Bd3 b6 11. a4 dxc4 12. Nxc4 Bxc3+ 13. bxc3 Qd5 14. e4 Qg5 15. Ne3 e5 16. h4 Qf4 17. d5 cxd5 18. Nxd5 Nxd5 19. exd5 e4 20. Be2 Bf5 21. Qd2 Qe5 22. 0-0 Rad8 23. c4 Rfe8 24. Qe3 Rd6 25. a5 Bd7 26. axb6 axb6 27. Ra6 f5 28. Rxb6 f4 29. Qc5 Rxb6 30. Qxb6 f3 31. gxf3 Bh3 32. f4 Qxf4 33. Qe3 Qxe3 34. fxe3 Bxf1 35. Kxf1 Kf7 36. Ke1 Kf6 37. Kd2 Ke5 38. Kc3 Rb8 39. Bg4 Rb1 40. Be6 Re1 41. Kd2 Ra1 42. h5 Ra2+ 43. Kc3 Ra3+ 44. Kd2 Rd3+ 45. Ke2 Rc3 46. Bg8 g6 47. h6 Rxc4 48. d6 Rc2+ 49. Kf1 Rd2 50. Bxh7 Kf6 51. Bg8 Rxd6 52. Kf2 Rd3 53. Ke2 g5 54. Bh7 Ke5 55. Bg6 Ra3 56. h7 Ra2+ 57. Kf1 Rh2 58. Kg1 Rh3 59. Kg2 g4 60. Kf2 g3+ 61. Kg2 Rh6 62. Kf1 g2+ 63. Kg1 Kd5 64. Bf7+ Kd6 65. Bg6 Ke5 66. Be8 Rxh7 67. Kxg2 Ra7 68. Kf2 Ra2+ 69. Ke1 Kf5 70. Bd7+ Ke5 71. Bg4 Rb2 72. Be2 Kf5 73. Kf1 Rxe2 74. Kxe2 Kg4 75. Kf2 Kh3 76. Kf1 Kg3 77. Ke2 Kg2 78. Kd2 Kf2 79. Kd1 Kxe3 80. Ke1 Kd3 81. Kd1 e3 82. Ke1 e2 0-1

[Event "Rijeka Four Seasons"]
[Site "Rijeka"]
[Date "2018.10.21"]
[Round "2"]
[White "Domazet, Zvonko"]
[Black "Zekic, Patrik"]
[Result "1/2-1/2"]
[WhiteElo "1744"]
[BlackElo "1635"]
[PlyCount "158"]
[EventDate "2018.10.20"]
[EventType "tourn"]
[EventRounds "9"]
[EventCountry "CRO"]
[SourceTitle "CBM 187 Extra"]
[Source "ChessBase"]
[SourceDate "2018.11.04"]
[SourceVersion "1"]
[SourceVersionDate "2018.11.04"]
[SourceQuality "1"]

1. d4 d5 2. c4 e6 3. Nf3 Nf6 4. g3 Be7 5. Bg2 0-0 6. 0-0 Nbd7 7. Qc2 b6 8. cxd5 exd5 9. Bf4 c5 10. Rd1 Bb7 11. Nc3 Rc8 12. Rac1 Re8 13. Qb1 Nf8 14. e4 c4 15. e5 Nh5 16. Be3 g6 17. Bh3 Rb8 18. Nd2 Bc8 19. Bg2 Bf5 20. Qa1 Be6 21. b3 b5 22. bxc4 bxc4 23. Rb1 Bb4 24. a3 Bxc3 25. Qxc3 Qc7 26. Rxb8 Rxb8 27. Rb1 Rxb1+ 28. Nxb1 Qb6 29. Qb4 Qxb4 30. axb4 Nd7 31. Nc3 Nb6 32. Bg5 f6 33. exf6 Kf7 34. Bf4 Nxf6 35. Bb8 a6 36. Bc7 Nfd7 37. f4 Kf6 38. Bd8+ Kf7 39. h3 h5 40. Kh2 Ke8 41. Bc7 Na8 42. Bd6 Nab6 43. Bf3 Nc8 44. Bc7 Ne7 45. g4 hxg4 46. hxg4 Nf6 47. Bd6 Nc6 48. Bc5 Nxg4+ 49. Bxg4 Bxg4 50. Nxd5 Bf5 51. Nc3 Kd7 52. Kg3 Ne7 53. d5 Nc8 54. Kf3 Nd6 55. Bxd6 Kxd6 56. Ke3 Bc2 57. Kd4 Bd3 58. Nd1 Be2 59. Ne3 c3 60. Kxc3 Bf3 61. Kd4 Be2 62. Nc4+ Ke7 63. Ne5 Kf6 64. Kc5 g5 65. Nd7+ Ke7 66. Ne5 gxf4 67. Ng6+ Kd7 68. Nxf4 Bb5 69. Ne6 Bd3 70. Nd4 Bf1 71. Nc6 Be2 72. Ne5+ Ke7 73. d6+ Kd8 74. Kb6 Bb5 75. Nc6+ Kd7 76. Nb8+ Kxd6 77. Nxa6 Bf1 78. Nc5 Kd5 79. Nb7 Kd4 1/2-1/2

[Event "Rijeka Four Seasons"]
[Site "Rijeka"]
[Date "2018.10.20"]
[Round "1"]
[White "Zekic, Patrik"]
[Black "Safar, Sandro"]
[Result "0-1"]
[WhiteElo "1635"]
[BlackElo "2180"]
[PlyCount "164"]
[EventDate "2018.10.20"]
[EventType "tourn"]
[EventRounds "9"]
[EventCountry "CRO"]
[SourceTitle "CBM 187 Extra"]
[Source "ChessBase"]
[SourceDate "2018.11.04"]
[SourceVersion "1"]
[SourceVersionDate "2018.11.04"]
[SourceQuality "1"]

1. d4 d5 2. Nf3 Nf6 3. c4 e6 4. Nc3 Be7 5. Bg5 0-0 6. e3 Nbd7 7. Bd3 a6 8. cxd5 exd5 9. 0-0 c6 10. Rc1 Re8 11. Re1 Ne4 12. Bxe4 Bxg5 13. Bd3 Bh6 14. Qc2 g6 15. Rcd1 f5 16. b4 Bf8 17. Qb3 Kg7 18. a4 Bd6 19. Rc1 Qe7 20. Rb1 b5 21. a5 Nf6 22. Re2 Ne4 23. Ne1 Qh4 24. f4 Be6 25. Nf3 Qe7 26. Ne5 Rac8 27. Nd1 Rc7 28. Nf2 h6 29. Rc2 Rec8 30. Bf1 Bxe5 31. fxe5 Nxf2 32. Rxf2 Rf8 33. Be2 Qg5 34. Rbf1 Rcf7 35. Rf4 Qe7 36. R4f2 h5 37. Qc3 Bd7 38. h3 Kh6 39. Qd2 g5 40. Bd3 h4 41. Be2 Kg7 42. Bh5 Rg8 43. Bxf7 Qxf7 44. e4 f4 45. exd5 Qxd5 46. Re1 Rd8 47. Qd3 Be8 48. Rd2 Bg6 49. Qc3 Bf7 50. Rc1 Qc4 51. Qxc4 Bxc4 52. Kf2 Kg6 53. Re1 Kf5 54. Kf3 Bd5+ 55. Kf2 Ke6 56. Rc1 Rg8 57. Rh1 g4 58. Rg1 g3+ 59. Ke2 Rf8 60. Rc2 Be4 61. Rc5 Bxg2 62. Rxg2 f3+ 63. Kf1 fxg2+ 64. Kxg2 Rf2+ 65. Kg1 Kd7 66. e6+ Kxe6 67. Rxc6+ Kd5 68. Rxa6 Rb2 69. Rh6 Rxb4 70. Rh5+ Ke4 71. Kg2 Rb2+ 72. Kg1 b4 73. a6 Ra2 74. Rb5 Ra4 75. a7 Kf3 76. Rf5+ Ke4 77. Rb5 Rxa7 78. Rxb4 Kd5 79. Kf1 Ra2 80. Rb5+ Ke4 81. Rh5 Rh2 82. Rxh4+ Kf3 0-1

[Event "CRO-chT U20 26th"]
[Site "Sv Filip i Jakov"]
[Date "2018.04.08"]
[Round "11.24"]
[White "Zekic, Patrik"]
[Black "Vujic, Agata"]
[Result "1/2-1/2"]
[WhiteElo "1508"]
[BlackElo "1586"]
[PlyCount "45"]
[EventDate "2018.04.03"]
[EventType "team-swiss"]
[EventRounds "11"]
[EventCountry "CRO"]
[SourceTitle "CBM 184 Extra"]
[Source "ChessBase"]
[SourceDate "2018.06.28"]
[SourceVersion "1"]
[SourceVersionDate "2018.06.28"]
[SourceQuality "1"]

1. d4 d5 2. Nf3 Nf6 3. Bf4 Bf5 4. e3 e6 5. Bd3 Bg6 6. c3 c5 7. Bxb8 Qxb8 8. Bb5+ Kd8 9. 0-0 Bd6 10. dxc5 Bxc5 11. h3 Ke7 12. Nbd2 Rd8 13. Nb3 Bb6 14. a4 a6 15. Bd3 Qd6 16. Ne1 Rac8 17. Nd4 Rd7 18. g3 Bc7 19. Ng2 Bb8 20. a5 Qe5 21. Nf4 Qd6 22. Ng2 Rh8 23. Ra3 1/2-1/2

[Event "CRO-chT U20 26th"]
[Site "Sv Filip i Jakov"]
[Date "2018.04.04"]
[Round "4.20"]
[White "Svabenic, Stjepan"]
[Black "Zekic, Patrik"]
[Result "0-1"]
[WhiteElo "1225"]
[BlackElo "1508"]
[PlyCount "112"]
[EventDate "2018.04.03"]
[EventType "team-swiss"]
[EventRounds "11"]
[EventCountry "CRO"]
[SourceTitle "CBM 184 Extra"]
[Source "ChessBase"]
[SourceDate "2018.06.28"]
[SourceVersion "1"]
[SourceVersionDate "2018.06.28"]
[SourceQuality "1"]

1. d4 d5 2. c4 e6 3. Nc3 Nf6 4. Nf3 Nbd7 5. b3 Be7 6. e3 c6 7. Bd3 0-0 8. 0-0 b6 9. Bb2 Bb7 10. Qc2 Rc8 11. Ne5 h6 12. f4 c5 13. Nb5 a6 14. Nc3 Nb8 15. a4 dxc4 16. bxc4 cxd4 17. exd4 Qxd4+ 18. Kh1 Qc5 19. Ba3 Qc7 20. Bxe7 Qxe7 21. Rab1 Qc7 22. Qb3 Nbd7 23. Rfe1 Rb8 24. Nxd7 Nxd7 25. f5 Nc5 26. Qc2 Nxd3 27. Qxd3 Rfd8 28. Qe3 exf5 29. Rxb6 Bxg2+ 30. Kxg2 Qxb6 31. Qxb6 Rxb6 32. Nd5 Re6 33. Rf1 g6 34. Rc1 Red6 35. Ne7+ Kf8 36. Nd5 Rxd5 37. cxd5 Rxd5 38. Rc8+ Ke7 39. Rc7+ Ke6 40. Rc6+ Rd6 41. Rc1 g5 42. Re1+ Kf6 43. Kg3 Rd3+ 44. Kg2 Ra3 45. Rd1 Rxa4 46. Rd6+ Kg7 47. Rd5 Kg6 48. Rd6+ f6 49. Kg3 Ra2 50. h4 Ra3+ 51. Kg2 gxh4 52. Rd1 a5 53. Rh1 Kg5 54. Rg1 Rg3+ 55. Kf2 Rxg1 56. Kxg1 a4 0-1